| 000 | 00788nam a2200241 a 4500 | ||
|---|---|---|---|
| 001 | 19951 | ||
| 003 | CO-ViMGA | ||
| 008 | 141112s2004 ck r 000 u spa d | ||
| 020 | _a9580460043 | ||
| 040 |
_aCO-ViMGA _bspa _cCO-ViMGA |
||
| 082 | 0 | 4 | _a070.431 M177p |
| 100 | 1 |
_aMartini, Stella _928964 |
|
| 245 | 1 | 0 | _aPeriodismo, noticia y noticiabilidad |
| 260 |
_aBarcelona : _bNorma, _c2000 |
||
| 300 | _a133 p. | ||
| 490 | _aEnciclopedia Latinoaméricana de Sociocultura y comunicación | ||
| 500 | _aLa información como parte de la realidad social constituye la opinión pública. | ||
| 590 | _aForma de adquisición : Premio Mincultura | ||
| 650 | 1 | 4 |
_aMEDIOS DE COMUNICACION - NOTICIA _928965 |
| 650 | 1 | 4 |
_aNOTICIAS - TEORIAS _928966 |
| 650 | 1 | 4 | _aPERIODISMO |
| 942 |
_2ddc _cBK |
||
| 999 |
_c29071 _d29071 |
||